00350nam a2200097Ia 4500245002200000100005500022942000700077008004100084999001900125952010800144 0aYour job is easy  a SOMMER, Carl Houston, TX, 2000 1st ed 922060 cBK210817s9999 xx 000 0 und d c275386d275385 00104070aHAZYLbHAZYLd2021-08-19g100.00l1p33228022039299r2025-03-11s2025-03-11w2021-08-19yBK